Španělština 1
Salvato in:
| Natura: | Libro |
|---|---|
| Lingua: | ceco |
| Pubblicazione: |
Praha
Státní pedagogické nakladatelství
1982
|
| Edizione: | 3. oprav. vyd. |
| Tags: |
Nessun Tag, puoi essere il primo ad aggiungerne!!
|
MARC
| LEADER | 00000nam a2200000 4500 | ||
|---|---|---|---|
| 001 | c133967 | ||
| 005 | 20260202104746.0 | ||
| 041 | 0 | |a cze | |
| 044 | |a CZ | ||
| 245 | 1 | 0 | |a Španělština 1 |c Vladimír Rejzek, Vlasta Hlavičková, Eva Špinková |
| 250 | |a 3. oprav. vyd. | ||
| 264 | 1 | |a Praha |b Státní pedagogické nakladatelství |c 1982 | |
| 300 | |a 381 s. | ||